MDQL
is popping MORE tags! Check the
thread
!
Quizzes
Events
Quiz Creation
Community
Videos
Private Events
Remove Ads
Sign In
Join for FREE
Feedback
Dark Mode
Quiz Categories
Sports
Geography
Music
Movies
Television
Just For Fun
Miscellaneous
History
Literature
Language
Science
Gaming
Entertainment
Religion
Holiday
For Kids
Quiz Lab
Recent
Popular Today
Quiz Kudos Today
Editor Picks
Curator Picks
Quizzes by...
Day
Popularity
Type
Ratings
Length
Year
Community
Subscriptions
Recent Discussions
Orange Saloon
Badges
Playlists
Quests
Create
Leaderboards
Showdown
Live 5
Trivia Bingo
Activity
Puzzle Library
Sporcle Events
Private Events
Virtual Trivia
Globe League
Become a Host
Pub Owners
SporcleCon
Opinionation
Our Games
Videos
Blog
Mobile Apps
Partnerships
Remove Ads and Go Orange
Feedback
Sports
Athletes
MLB
NBA
NHL
NFL
Soccer
Sports Teams
WWE
NCAA
Football
Premier League
Basketball
Baseball
Hockey
Golf
Tennis
Cricket
Rugby
Auto Racing
Olympics
World Cup
Sports
Athletes
MLB
NBA
NHL
NFL
Soccer
Sports Teams
WWE
NCAA
Football
Premier League
Basketball
Baseball
Hockey
Golf
Tennis
Cricket
Rugby
Auto Racing
Olympics
World Cup
Random Quiz
Search Sporcle
×
Quiz Lab
Quiz Lab
Sports
Soccer
Type in answers that appear in a list
Type in answers that appear in a list
Classic
Best Score? Go Orange.
Os 157 times que jogaram o Brasileirão (1959-2020) Stats
Você consegue nomear os 157 times que jogaram a 1ª divisão do Brasileirão (1959-2020)?
By
htesports
8m
157 Questions
1,601 Plays
1,601 Plays
1,601 Plays
Comments
Comments
Give Quiz Kudos
Give Quiz Kudos
-
- Ratings
hide this ad
Random Order
Randomize order of answers
Randomize order of answers
Replay
Link that replays current quiz
Next Quiz
Link to next quiz in quiz playlist
You Got
0%
They Got
Avg Score
28%
Avg Friend Score
Upgrade to see
Score Distribution
Jump to the score distribution portion of the page
Score
0/157
Timer
08:00
0
Plays Today
Resposta
% Correct
Flamengo
92.8%
Santos
90.9%
Botafogo
90.9%
Corinthians
90.7%
São Paulo
90.1%
Vasco
89.2%
Palmeiras
89.1%
Fluminense
89.1%
Grêmio
88.6%
Internacional
88.5%
Bahia
83.7%
Cruzeiro
82.4%
Coritiba
79.3%
Atlético MG
79.2%
Sport
78.3%
Vitória
77.2%
Ponte Preta
73.9%
Chapecoense
73.4%
Avaí
72.9%
Guarani
71.9%
Figueirense
70.9%
América MG
70.7%
Paraná
70.5%
Santa Cruz
70.4%
Juventude
69.9%
Goiás
69.7%
Náutico
69.2%
Fortaleza
67.9%
Ceará
65.7%
Bangu
65.7%
Portuguesa
65.2%
Atlético GO
63.7%
Criciúma
63.5%
Bragantino
63.1%
Paysandu
62.7%
São Caetano
60.6%
CSA
59.8%
Remo
59%
América RN
55.1%
CRB
53.8%
Joinville
52.8%
América RJ
52.3%
Santo André
52.2%
Brasiliense
49.1%
Vila Nova
48.3%
Caxias
46.4%
Athletico PR
46.2%
ABC
44.5%
Gama
42.1%
Brasil de Pelotas
41.8%
Londrina
39.5%
Grêmio Barueri
36.6%
Ipatinga
34%
Resposta
% Correct
Botafogo SP
33%
Botafogo PB
31.2%
ASA
29.1%
Juventus
28.4%
Sampaio Corrêa
25.7%
Moto Club
25%
Volta Redonda
24.8%
Treze
24.3%
Ferroviária
23.6%
Rio Branco
22.5%
Inter de Limeira
22%
Americano
21%
Ferroviário
20.9%
União São João
20.1%
Tuna Luso
19.3%
Sergipe
19.1%
Confiança
18%
Olaria
17.9%
Mixto
17.6%
Campinense
17.4%
Operário MS
15.5%
XV de Piracicaba
15.5%
Fluminense de Feira
15.1%
Flamengo PI
15%
Operário PR
14.8%
River PI
14.6%
Nacional AM
14.4%
Villa Nova
14.1%
Operário MT
12.8%
São Bento
12.4%
Anapolina
12.4%
Uberlândia
12.3%
Goiânia
12.2%
Caldense
12.1%
Central
11.1%
Novo Hamburgo
11.1%
Tiradentes
10.6%
Uberaba
9.9%
América SP
9.9%
Brasília
9.8%
Vitória ES
9.8%
Goytacaz
8.8%
Fast Club
8.6%
Comercial SP
7.8%
XV de Jaú
7.8%
Desportiva Ferroviária
7.7%
Comercial MS
7.4%
Maranhão
7.3%
Colorado
6.9%
São Paulo RS
6.6%
Rio Negro
6.4%
Noroeste
6.1%
Noroeste
6.1%
Resposta
% Correct
Piauí
5.7%
Itabaiana
5.4%
Inter de Santa Maria
5.4%
São José SP
5.3%
Campo Grande
5.2%
CEUB
5%
Galícia
4.9%
J Malucelli
4.8%
Anápolis
4.8%
Grêmio Maringá
4.5%
Alecrim
4.4%
Itumbiara
4.3%
Sobradinho
3.8%
Colatina
3.7%
Potiguar
3.4%
Francana
3.3%
Guará
3.2%
Catuense
3.1%
Inter de Lages
3%
Metropol
2.9%
Hercílio Luz
2.8%
Itabuna
2.6%
América CE
2.5%
Cruzeiro do Sul
2.5%
Dom Bosco
2.4%
Taguatinga
2.4%
Ferroviário PR
2.3%
Corumbaense
2.1%
Comercial PR
1.8%
Santo Antônio
1.6%
Olímpico AM
1.6%
Auto Esporte PB
1.3%
Paula Ramos
1.2%
Defelê
1.1%
Santa Cruz SE
1.1%
Olímpico SC
1.1%
Siderúrgica
1.1%
Rio Branco RJ
1.1%
Capelense
1%
Auto Esporte PI
1%
Ferroviário MA
0.8%
Perdigão
0.8%
Eletrovapo
0.8%
Água Verde
0.7%
Rabello
0.6%
Fonseca
0.6%
Guanabara DF
0.6%
América de Propriá
0.5%
Manufatora
0.5%
Estrela do Mar
0.4%
Lêonico
0.3%
Quiz Playlist
Details
Report
Send in Message
Add To Playlist
Classic:
Type in answers that appear in a list
Random Order:
Randomize order of answers
Last Updated: May 11, 2020
Quiz Scoreboard
CHALLENGE
Sign Up to Join the Scoreboard
Show All
Scores
Hide
Comments
May contain spoilers
Recently Published
Holiday 10x10 Sorting Gallery
by lukepisani3
Holiday
15m
Two Season TV Shows II
by 123Four
Television
10m
Image Sorting: Flags VI
by Barbecue
Geography
2m
More to Explore
Quiz From the Vault
Featured Blog Post
14 Easter Pick-up Lines to Find Eggs With
hide this ad
You Might Also Like...
Tags
Soccer Quiz
Today's Top Quizzes in Sports
Browse Sports
hide this ad
Today's Top Quizzes in Soccer
Browse Soccer
Top Contributed Quizzes in Sports
1
Les meilleurs buteurs des matchs entre le PSG et l’OM
2
Les entraîneurs de l'OM et du PSG au 21e siècle
3
2022 World Cup Stars
4
Les joueurs passés par le PSG et l'OM
5
Players with Multiple 50 Home Run Seasons
6
FIFA Club World Cup Champions
7
Top 10 NHL Goal Scorers of All Time
8
Les joueurs passés par le LOSC et le RC Lens
9
Criteria MLB: Left Handed Sluggers
10
2023 MLB Unique Player Accomplishments
Explore More
Trending Topics
Disney
Marvel
Crossword
Kpop
Harry Potter
NBA
Anime
Puzzle
The Office
Soccer
WWE
NFL
Song
Country
Pokémon
hide this ad
More By:
htesports
Quiz
Plays
Rating
Category
Featured
Created
Os 157 times que jogaram o Brasileirão (1959-2020)
1,601
Sports
May 11, 2020
Todos os campeões da Taça Libertadores (1960-2019)
1,294
Sports
Jun 1, 2020
Go to Creator's Profile
Score Distribution
Quiz Creator Spotlight
htesports
Follow
Send a Message
Quizzes Created
-
Created Quiz Play Count
-
More By This Creator
Popular Quizzes Today
1
Find the US States - No Outlines Minefield
2
Colored Red Africa Blitz
3
Find the 'City' Movie
4
The Countries of the World
5
Find the US States
6
5x2 Blitz: Bands
7
Find the Countries of Europe - No Outlines Minefield
8
US States
More Sports Quizzes
River Plate Legends
Quiz Lab
Trending Quizzes
Colored Red Europe Blitz I
Colored Red Europe Blitz II
Colored Red Africa Blitz II
Colored Red Europe Blitz III
Colored Red Africa Blitz III
Recently Updated
Odd Team Out - Big 4 Players
pecheneg
Quick Pick: 20 Twenties
pecheneg
March Madness Men's Triple Doubles
pecheneg
How Do You Spell That?
pecheneg
Godzilla Movies
pecheneg
Grab Bag: 4-10 Letters
pecheneg
2024 March Madness Bracket
pecheneg
Famous TV Couples
Peacemaker
Champions League XIs: Real Madrid
pecheneg
Largest US Cities 1790-2010
pecheneg
Trending Topics
Kpop
Crossword
NBA
Marvel
Harry Potter
Disney
Anime
Country
Puzzle
WWE
NFL
Song
Soccer
The Office
Pokémon
Your Account Isn't Verified!
In order to create a playlist on Sporcle, you need to verify the email address you used during registration. Go to your
Sporcle Settings
to finish the process.
Report this User
Report this user for behavior that violates our
Community Guidelines
.
Details:
Send Report
Go to the Sporcle.com Mobile Site →
Comments